| 000 | 00486nam a22001697a 4500 | ||
|---|---|---|---|
| 005 | 20211124135211.0 | ||
| 008 | 190927b cr ||||| |||| 00| 0 spa d | ||
| 020 | _a9977978905 | ||
| 050 | 0 | 5 |
_aKGB3789 _bM37 1993 |
| 100 | 1 |
_aMassart, Alfredo _eautor |
|
| 245 | 1 | 0 |
_aSÃntesis de derecho agrario _c/ Alfredo Massart. |
| 250 | _a2a ed. | ||
| 260 |
_aSan José : _bSapiencia, _c1993 |
||
| 300 |
_axi, 193 p. : _c21 cm. |
||
| 650 | 7 |
_2lemb _aDerecho agrario _zCosta Rica |
|
| 942 |
_2lcc _cLIB |
||
| 999 |
_c151617 _d151615 |
||